Principles of inorganic chemistry Ed 33 (Record no. 168860)
[ view plain ]
| 000 -LEADER | |
|---|---|
| fixed length control field | 00623nam a2200229Ia 4500 |
| 003 - CONTROL NUMBER IDENTIFIER | |
| control field | OSt |
| 005 - DATE AND TIME OF LATEST TRANSACTION | |
| control field | 20230612154400.0 |
| 008 - FIXED-LENGTH DATA ELEMENTS--GENERAL INFORMATION | |
| fixed length control field | 210423s2017 xx 000 0 und d |
| 020 ## - INTERNATIONAL STANDARD BOOK NUMBER | |
| International Standard Book Number | 978-93-82956-96-9 |
| 040 ## - CATALOGING SOURCE | |
| Transcribing agency | AL |
| 041 ## - LANGUAGE CODE | |
| Language code of text/sound track or separate title | eng |
| 082 ## - DEWEY DECIMAL CLASSIFICATION NUMBER | |
| Classification number | 546 |
| Edition number | 23 |
| Item number | PURP |
| 100 ## - MAIN ENTRY--PERSONAL NAME | |
| Personal name | PURI (B R);SHARMA (L R);KALIA (K C) |
| 9 (RLIN) | 79528 |
| 245 ## - TITLE STATEMENT | |
| Title | Principles of inorganic chemistry Ed 33 |
| 250 ## - EDITION STATEMENT | |
| Edition statement | 33 |
| 260 ## - PUBLICATION, DISTRIBUTION, ETC. | |
| Place of publication, distribution, etc. | Delhi |
| Name of publisher, distributor, etc. | Vishal Publishing Co |
| Date of publication, distribution, etc. | 2017 |
| 300 ## - PHYSICAL DESCRIPTION | |
| Extent | xiii,1170,v |
| Other physical details | PB |
| 365 ## - TRADE PRICE | |
| Price amount | 725 |
| Currency code | INR |
| 650 ## - SUBJECT ADDED ENTRY--TOPICAL TERM | |
| Topical term or geographic name entry element | Inorganic Chemistry |
| 9 (RLIN) | 79529 |
| 906 ## - LOCAL DATA ELEMENT F, LDF (RLIN) | |
| a | 33 ; chemistry ; inorganic ; Principles |
| 942 ## - ADDED ENTRY ELEMENTS (KOHA) | |
| Source of classification or shelving scheme | Dewey Decimal Classification |
| Koha item type | Book |
| Withdrawn status | Lost status | Damaged status | Not for loan | Collection code | Home library | Current library | Date acquired | Source of acquisition | Cost, normal purchase price | Total Checkouts | Total Renewals | Full call number | Barcode | Date last seen | Date last checked out | Price effective from | Koha item type |
|---|---|---|---|---|---|---|---|---|---|---|---|---|---|---|---|---|---|
| General Chemistry | St Aloysius PG Library | St Aloysius PG Library | 11/03/2017 | Biblios Book Point | 725.00 | 13 | 2 | 546 PURP | PG015362 | 03/04/2025 | 03/03/2025 | 04/26/2021 | Book | ||||
| General Chemistry | St Aloysius PG Library | St Aloysius PG Library | 11/03/2017 | Biblios Book Point | 725.00 | 10 | 546 PURP | PG015363 | 08/12/2025 | 08/02/2025 | 04/26/2021 | Book | |||||
| General Chemistry | St Aloysius PG Library | St Aloysius PG Library | 11/03/2017 | Biblios Book Point | 725.00 | 13 | 2 | 546 PURP | PG015364 | 04/09/2025 | 04/07/2025 | 04/26/2021 | Book | ||||
| General Chemistry | St Aloysius PG Library | St Aloysius PG Library | 11/03/2017 | Biblios Book Point | 725.00 | 11 | 546 PURP | PG015365 | 10/24/2024 | 10/16/2024 | 04/26/2021 | Book | |||||
| General Chemistry | St Aloysius PG Library | St Aloysius PG Library | 11/03/2017 | Biblios Book Point | 725.00 | 13 | 546 PURP | PG015366 | 04/09/2025 | 04/01/2025 | 04/26/2021 | Book |